[Event "Lima Palma Memorial 2nd"]
[Site "Lima"]
[Date "2016.09.09"]
[Round "1.7"]
[White "Rosales, Pierina"]
[Black "Delgado Barzola, Samuel"]
[Result "1-0"]
[WhiteElo "1889"]
[BlackElo "1518"]
[PlyCount "57"]
[EventDate "2016.09.09"]
[EventType "swiss"]
[EventRounds "7"]
[EventCountry "PER"]
[SourceTitle "EXT 2024"]
[Source "ChessBase"]
[SourceDate "2023.10.10"]
[SourceVersion "1"]
[SourceVersionDate "2023.10.10"]
[SourceQuality "1"]

1. d4 Nf6 2. c4 e6 3. Nf3 Bb4+ 4. Bd2 Bxd2+ 5. Nbxd2 d5 6. e3 0-0 7. Be2 b6 8. cxd5 Nxd5 9. 0-0 Bb7 10. Rc1 Nd7 11. Bb5 N7f6 12. Ne5 a6 13. Bc6 Bxc6 14. Nxc6 Qd6 15. e4 Nf4 16. e5 Qd7 17. exf6 gxf6 18. Qg4+ Ng6 19. Rc3 Kh8 20. Qh5 Rg8 21. Ne4 Nf4 22. Nxf6 Rxg2+ 23. Kh1 Nxh5 24. Nxd7 Rag8 25. Nde5 R8g7 26. Nxf7+ Kg8 27. Nh6+ Kh8 28. Rf3 R7g6 29. Ne5 1-0